000 00665cam a2200229 4500
001 BD-DhSAU 1340
003 BD-DhSAU
005 20150114145956.0
008 730205s1972 enka b 001 0 eng
020 _a0412114909
040 _aBD-DhSAU
082 0 0 _a595.7
_222
_bWIP
100 1 _aWigglesworth, Vincent B.
_q(Vincent Brian),
_cSir,
_d1899-
245 1 4 _aThe principles of insect physiology,
_cV. B. Wigglesworth.
250 _a7th edition.
260 _aLondon :
_bChapman and Hall ;
_cc1972.
300 _avii, 827 p. :
_bill. ;
_c26 cm.
504 _aIncludes bibliographies.
590 _ajoy
650 0 _aInsects
_xPhysiology.
650 0 _aEntomology.
942 _2ddc
_cBOOK
999 _c1340
_d1340